The Val A. Browning Collection (Record no. 1829)

MARC details
000 -CABECERA
campo de control de longitud fija 00767nam a2200193 a 4500
001 - NÚMERO DE CONTROL
campo de control BRCA_2070
005 - FECHA Y HORA DE LA ÚLTIMA TRANSACCIÓN
campo de control 20190320203645.0
008 - DATOS DE LONGITUD FIJA--INFORMACIÓN GENERAL
campo de control de longitud fija 070808s2001----utua---###---#000-0#eng-#
050 #4 - SIGNATURA TOPOGRÁFICA DE LA BIBLIOTECA DEL CONGRESO
Número de clasificación ND454
Número de documento/Ítem .M85 2001
100 1# - ENTRADA PRINCIPAL--NOMBRE DE PERSONA
Nombre de persona Muller, Sheila D.
9 (RLIN) 6297
245 10 - MENCIÓN DE TÍTULO
Título The Val A. Browning Collection
Resto del título A Selection of Old Master Paintings
Mención de responsabilidad, etc. edited by Sheila D. Muller.
260 ## - PUBLICACIÓN, DISTRIBUCIÓN, ETC.
Lugar de publicación, distribución, etc. Utah
Nombre del editor, distribuidor, etc. The Utah Museum of Fine Arts, University of Utah
Fecha de publicación, distribución, etc. 2001
300 ## - DESCRIPCIÓN FÍSICA
Extensión xx, 200 p.
Otras características físicas il. (algunas a color)
Dimensiones 20 cm.
500 ## - NOTA GENERAL
Nota general Incluye lista de ilustraciones
600 14 - PUNTO DE ACCESO ADICIONAL DE MATERIA--NOMBRE DE PERSONA
Nombre de persona Browning, Val A.
Fechas asociadas al nombre 1895-1994
Subdivisión de forma Catálogos
Subdivisión general Colecciones de arte
Subdivisión geográfica Salt Lake City, Utah
9 (RLIN) 6298
650 14 - PUNTO DE ACCESO ADICIONAL DE MATERIA--TÉRMINO DE MATERIA
Término de materia o nombre geográfico como elemento de entrada Pintura europea
Subdivisión de forma Catálogos
9 (RLIN) 6299
650 14 - PUNTO DE ACCESO ADICIONAL DE MATERIA--TÉRMINO DE MATERIA
Término de materia o nombre geográfico como elemento de entrada Pintura
Subdivisión de forma Catálogos
Subdivisión geográfica Salt Lake City, Utah
9 (RLIN) 6300
942 ## - ELEMENTOS DE PUNTO DE ACCESO ADICIONAL (KOHA)
Fuente del sistema de clasificación o colocación Library of Congress Classification
Tipo de ítem Koha Libros
Holdings
Estado de retiro Estado de pérdida Estado dañado No para préstamo Localización permanente Ubicación/localización actual Fecha de adquisición Total de préstamos Signatura topográfica completa Código de barras Fecha visto por última vez Precio válido a partir de Tipo de ítem Koha
El ejemplar forma parte de la colección y puede ser consultado según las políticas vigentes.       Biblioteca del Museo Franz Mayer (Rogerio Casas-Alatriste) Biblioteca del Museo Franz Mayer (Rogerio Casas-Alatriste) 07/08/2008   ND454 .M85 2001 00478 22/03/2019 22/03/2019 Libros